| 000 | 00553nam a2200217Ia 4500 | ||
|---|---|---|---|
| 003 | OSt | ||
| 005 | 20230503144746.0 | ||
| 008 | 210423s2010 xx 000 0 und d | ||
| 020 | _a978-0-7486-2071-5 | ||
| 040 | _cAL | ||
| 041 | _aeng | ||
| 082 |
_a302.23082 _223 _bTHOW |
||
| 100 |
_aTHORNHAM (Sue) _997200 |
||
| 245 | _aWomen feminism and media | ||
| 260 |
_aUK _bEdinburgh University Press _c2010 |
||
| 300 |
_avii,176 _bPB |
||
| 365 |
_b2208 _cINR |
||
| 650 |
_aCommunication _997201 |
||
| 906 | _afeminism ; media ; Women | ||
| 942 |
_2ddc _cBK |
||
| 999 |
_c171006 _d171006 |
||